| 000 | 00725cam a2200277 i 4500 | ||
|---|---|---|---|
| 001 | 0000567 | ||
| 003 | DO-SdBNP | ||
| 005 | 20180205152917.0 | ||
| 007 | 0000567 | ||
| 008 | 100514s 1968 sp a 000 f spa | ||
| 015 | _a | ||
| 017 |
_a _b |
||
| 035 | _a | ||
| 040 |
_aBPMSU _bspa _cBPMSU _e |
||
| 080 | _a | ||
| 100 | 1 | _aBratt, Berte | |
| 240 | 1 | 4 |
_aHab mut, Katrin _lale. |
| 245 | 1 | 3 |
_aEl valor de Katrin / _h _cBerte Bratt ; traducción H. Dauer de Martos |
| 260 |
_aBarcelona : _bMolino, _c1968. |
||
| 300 |
_a174 p.: _bil. _c21 m |
||
| 500 | _aLibro de pasta dura. | ||
| 700 | 1 | 2 |
_aDauer de Martos, H. _etrad. |
| 942 |
_2ddc _cBK |
||
| 945 | _aInventariado, 2018 / BT | ||
| 956 |
_aYLOCKWARD _810 _cBPMSU |
||
| 999 |
_c11014 _d11014 |
||